Rising to the challenge : The autobiography of Koji Kobayashi
This book introduce about childhood and student days, my early years at NEC. Launching into the world market, tacking internal reform. The spirit of sefl-help.
Bewaard in:
| Hoofdauteur: | |
|---|---|
| Formaat: | Boek |
| Taal: | Undetermined |
| Gepubliceerd in: |
Tokyo
Harcourt Brace Jovanovich Japan
1989
|
| Onderwerpen: | |
| Tags: |
Voeg label toe
Geen labels, Wees de eerste die dit record labelt!
|
| Thư viện lưu trữ: | Trung tâm Học liệu Trường Đại học Cần Thơ |
|---|
| LEADER | 00721nam a2200205Ia 4500 | ||
|---|---|---|---|
| 001 | CTU_228579 | ||
| 008 | 210402s9999 xx 000 0 und d | ||
| 082 | |a 920.52 | ||
| 082 | |b K75 | ||
| 100 | |a Kobayashi, Koji | ||
| 245 | 0 | |a Rising to the challenge : | |
| 245 | 4 | |b The autobiography of Koji Kobayashi | |
| 245 | 0 | |c Koji Kobayashi | |
| 260 | |a Tokyo | ||
| 260 | |b Harcourt Brace Jovanovich Japan | ||
| 260 | |c 1989 | ||
| 520 | |a This book introduce about childhood and student days, my early years at NEC. Launching into the world market, tacking internal reform. The spirit of sefl-help. | ||
| 650 | |a Tư truyện,Autobiography | ||
| 910 | |b dqhieu | ||
| 980 | |a Trung tâm Học liệu Trường Đại học Cần Thơ | ||